000 00422pab a2200157 454500
008 180718b2004 xxu||||| |||| 00| 0 eng d
100 _aOmoleke, I.I.
245 _aEthnicity and religion: a `threat' to democratic governance in Africa?
260 _c2004
300 _ap.105-23.
650 _aReligion
650 _aEthnicity
773 _aBangladesh Journal of Public Administration
908 _aN
909 _a78248
999 _c78248
_d78248